Podvojné účetníctví

Guardado en:
Detalles Bibliográficos
Formato: Libro
Lenguaje:checo
Publicado: Praha Grada 1994
Edición:1. vyd.
Materias:
Acceso en línea:Ver en el OPAC
Etiquetas: Agregar Etiqueta
Sin Etiquetas, Sea el primero en etiquetar este registro!

MARC

LEADER 00000nam a2200000 a 4500
005 20260127134405.0
008 061213s1994 xo cze d
020 |a 8071690848 (brož.)  |c 167.00 
035 |a vtls008902553 
035 |a LMAOSK724 
039 9 |a 201601261401  |b mlmaosk07  |c 200810021057  |d mschk03  |c 200701071519  |d VLOAD  |y 200612271545  |z VLOAD 
040 |a LMAOSK  |b slo  |c LMAOSK  |d STUSCHK1 
041 0 |a cze 
080 |a 657.12 
245 0 |a Podvojné účetníctví 
250 |a 1. vyd. 
260 |a Praha  |b Grada  |c 1994 
300 |a 219 s. brož. 
650 0 7 |a podvojné účtovníctvo  |2 LMAOSK 
650 0 7 |a základy  |2 LMAOSK 
910 |a SCHK95 
919 |a 80-7169-084-8 
999 |c 11586  |d 11586